Statistics for 200 Biggest Cities in the United States - With Exceptions

Click here to take the quiz!

General Stats

  • This quiz has been taken 2,461 times
    (1,747 since last reset)
  • The average score is 100 of 200

Answer Stats

PopulationAnswer% Correct
8,467,513New York City
98%
2,696,555Chicago
97%
1,576,251Philadelphia
94%
733,919Seattle
94%
654,776Boston
93%
1,624,569Phoenix
93%
496,461Atlanta
92%
711,463Denver
91%
632,464Detroit
91%
646,790Las Vegas
91%
641,162Portland
91%
882,039Indianapolis
90%
678,851Nashville
90%
670,050Washington
90%
154,545 | 508,394Kansas City
89%
425,336Minneapolis
89%
687,725Oklahoma City
89%
367,991Cleveland
88%
628,127Memphis
88%
376,971New Orleans
88%
300,431Pittsburgh
87%
576,498Baltimore
86%
879,709Charlotte
86%
308,935Cincinnati
86%
205,617Columbus, GA
86%
906,528Columbus, OH
86%
293,310St. Louis
86%
200,478Salt Lake City
85%
276,807Buffalo
84%
569,330Milwaukee
83%
562,599Albuquerque
82%
237,446Boise
82%
149,761Jackson
82%
469,124Raleigh
82%
113,394Springfield, IL
81%
154,789Springfield, MA
81%
169,724Springfield, MO
81%
222,185Baton Rouge
80%
197,575Birmingham
80%
628,594Louisville
80%
307,193St. Paul
79%
151,612Charleston
78%
201,998Little Rock
78%
487,300Omaha
78%
226,604Richmond
78%
411,401Tulsa
78%
98,617Albany
77%
212,031Des Moines
77%
543,242Tucson
76%
250,320Winston-Salem
76%
483,956Colorado Springs
75%
189,692Providence
75%
268,851Reno
75%
292,657Lincoln
73%
177,723Salem
73%
457,672Virginia Beach
73%
345,510Honolulu
72%
269,196Madison
72%
307,220Newark
72%
395,699Wichita
72%
120,576Hartford
71%
121,465Rochester, MN
71%
210,606Rochester, NY
71%
198,665Montgomery
69%
288,121Anchorage
68%
126,853 | 137,541Columbia
68%
147,088Savannah
68%
146,103Syracuse
66%
229,071Spokane
65%
201,196Augusta
64%
126,748Fargo
64%
196,528Sioux Falls
64%
125,963Topeka
64%
184,952Mobile
63%
268,508Toledo
63%
197,416Grand Rapids
62%
192,648Knoxville
62%
189,347Akron
61%
283,927Jersey City
61%
321,793Lexington
61%
509,475Mesa
61%
112,684Lansing
60%
285,527Durham
58%
107,015Green Bay
58%
117,445Billings
57%
298,263Greensboro
57%
135,081New Haven
57%
137,571Dayton
56%
117,643Wilmington
56%
182,113Chattanooga
55%
265,974Fort Wayne
55%
115,462Manchester
55%
219,205Tacoma
55%
389,347Aurora, CO
54%
179,266Aurora, IL
54%
175,096Eugene
53%
114,084Provo
52%
209,530Yonkers
52%
104,175Boulder
51%
235,089Norfolk
51%
205,918Worcester
50%
148,333Bridgeport
48%
184,021Shreveport
48%
274,133North Las Vegas
47%
121,536Ann Arbor
46%
136,467Cedar Rapids
46%
322,178Henderson
46%
216,963Huntsville
46%
242,753Scottsdale
46%
208,778Fayetteville
44%
156,762Macon
44%
125,944Allentown
43%
127,358Athens
43%
121,771Lafayette
43%
107,697Concord
42%
154,706Alexandria
41%
103,353South Bend
41%
194,917Peoria, AZ
40%
111,666Peoria, IL
40%
168,538Fort Collins
39%
192,169Vancouver
39%
184,587Newport News
38%
117,090Cambridge
37%
251,269Chesapeake
35%
249,630Glendale
35%
184,118Tempe
35%
279,458Chandler
34%
116,486Evansville
34%
112,914Las Cruces
33%
102,059Bend
32%
197,106Overland Park
32%
147,711Rockford
32%
150,372Joliet
31%
136,309Stamford
30%
100,618Tuscaloosa
30%
101,009Davenport
29%
149,104Naperville
29%
149,440Bellevue
28%
135,407Elizabeth
28%
128,097Norman
28%
112,368Pueblo
27%
273,136Gilbert
26%
99,287Kenosha
26%
157,794Paterson
26%
98,865Roanoke
25%
170,957Clarksville
23%
110,812Everett
23%
157,519Murfreesboro
23%
116,330Broken Arrow
22%
97,093Yuma
22%
176,987Cary
21%
137,746Hampton
21%
113,994Lowell
21%
106,186Nampa
21%
139,110West Valley City
20%
108,420Dearborn
19%
122,088Independence
19%
134,835Kent
19%
99,958St. George
19%
138,130Warren
19%
156,605 | 157,935Lakewood
18%
125,963Meridian
18%
143,014Olathe
18%
149,191Surprise
18%
97,861Orem
17%
116,541West Jordan
17%
117,472North Charleston
16%
101,119Quincy
16%
133,269Sterling Heights
16%
97,840Portsmouth
15%
123,436Arvada
14%
98,216Beaverton
14%
113,911Elgin
14%
109,323Greeley
14%
100,941New Bedford
14%
105,905Spokane Valley
14%
113,811Waterbury
14%
113,103Gresham
13%
114,086High Point
13%
106,633Hillsboro
13%
109,796Sparks
13%
106,966Centennial
12%
101,733Goodyear
12%
100,843Lynn
12%
105,179Renton
12%
105,834Rio Rancho
12%
142,610Thornton
12%
100,777Carmel
11%
99,037Federal Way
10%
107,180Sandy Springs
10%
114,561Westminster
10%
105,446Brockton
9%
102,781Lee's Summit
9%
101,315Buckeye
8%
108,575South Fulton
7%
101,171Fishers
6%
100,758Longmont
6%

Score Distribution

Percentile by Number Answered

Percent of People with Each Score

Your Score History

You have not taken this quiz since the last reset